Hra, alebo manažment pôsobenia?

Snaha o hru alebo predstieranie niečoho (niekedy vedomé, niekedy nevedomé) - snaha zanechať určitý dojem. Ide o prirodzený proces - v prvých okamihoch sa snažíme zanechať dojem a unikajú nám informácie stretnutia. Významný moment, kedy si s partnerom vytvárame názor na seba, sa odohráva hneď v úvode...

Descripción completa

Guardado en:
Detalles Bibliográficos
Autor principal: Adamková, Hana, 1969-
Formato: Capítulo de libro
Lenguaje:eslovaco
Materias:
Etiquetas: Agregar Etiqueta
Sin Etiquetas, Sea el primero en etiquetar este registro!

MARC

LEADER 00000naa$a2200000$$$4500
001 0006593
005 20240502071351.1
041 0 |a slo 
044 |a SK 
245 1 0 |a Hra, alebo manažment pôsobenia?  |c aut. Hana Adamková 
520 |a Snaha o hru alebo predstieranie niečoho (niekedy vedomé, niekedy nevedomé) - snaha zanechať určitý dojem. Ide o prirodzený proces - v prvých okamihoch sa snažíme zanechať dojem a unikajú nám informácie stretnutia. Významný moment, kedy si s partnerom vytvárame názor na seba, sa odohráva hneď v úvode stretnutia. Od neho sa odvíjajú ďalšie úspechy či neúspechy vzťahu. Vznik a úskalia prvého dojmu. 
610 2 0 |a komunikácia 
610 2 0 |a komunikácia marketingová 
610 2 0 |a informácie 
610 2 0 |a psychológia predaja 
100 1 |a Adamková, Hana, 1969-